1181 1374 1054 1176 1154 1325 1665 1024 1538 1483 1060 1437 1249 1594 1577 1349 1506 1458 1144 1795 1026 1063 1285 1723 1574 1202 1258 1190 1239 1086 1864 1575 1159 1930 1667 1603 1845 1386 1754 1953 1313 1961 1795 1078 1935 1850 1600 1167 1457 1063 1823 1819 1332 1798 1312 1413 1906 1197 1525 1734 1439 1257 1008 1800 1523 1590 1530 1013 1613 1949 1562 1552 1736 1167 1023 1720 1485 1503 1403 1959 1166 1272 1958 1559 1096 1496 1871 1126 1797 1867 1195 1284 1565 1173 1090 1894 1682 1954 1451 BCNSPRNW ULIB Ver.6.0+V

เปลี่ยนเป็นภาษาไทย

Change to English
 แสดงรายละเอียดบรรณานุกรม
  กลับหน้าหลัก

Brief Record : Get Marc (ISO 2709) : E-mail record : QR code < ปิดหน้าต่าง
LEADER : 00000nam 2200000uu 4500
001    13399123741
003     ULIB
008    141125s2556||||th 000 0 tha d
020    ^a9786162793295
060 04 ^aWY20.5^bป554ส
100 0  ^aปาริชาติ โรจน์พลากร-กู๊ช
245 10 ^aสถิติสำหรับงานวิจัยทางการพยาบาล และการใช้โปรแกรม SPSS forwindows /^cปาริชาติ โรจน์พลากร-กู๊ช, ยุวดี ฦาชา
250    ^aพิมพ์ครั้งที่ 4
260    ^aกรุงเทพฯ :^bภาควิชาพยาบาลศาสตร์คณะพยาบาลศาสตร์โรงพยาบาลรามาธิบดี มหาวิทยาลัยมหิดล,^c2556
300    ^a398, [8] หน้า ^e+คอมแพกต์ดิสก์ 1 แผ่น
500    ^aมีซีดี-รอม ประกอบ 1 แผ่น เก็บไว้ที่ชั้นวางโสตทัศนศึกษา
650  7 ^aการพยาบาล^vวิจัย
650  7 ^aสถิติศาสตร์
650  7 ^aสถิติ^xโปรแกรมคอมพิวเตอร์
650  7 ^aเอสพีเอสเอส (โปรแกรมคอมพิวเตอร์)
650  7 ^aเอสพีเอสเอสสำหรับวินโดวส์
700 0  ^aยุวดี ฦาชา
710 2  ^aมหาวิทยาลัยมหิดล. ^bคณะแพทยศาสตร์โรงพยาบาลรามาธิบดี.^bภาควิชาพยาบาลศาสตร์
945    ^p350^l0^i037086
945    ^p350^l0^i037087
945    ^p350^l0^i037088
945    ^p350^l0^i037089
945    ^p350^l0^i037090
945    ^p350^l0^i037091
945    ^p350^l0^i037092
945    ^p350^l0^i037093
999    ^aเกษร โพธิ์สุวรรณ
รายการนี้ยังไม่มีแท็ก
คุณยังไม่ได้ล็อกอิน คุณสามารถมีกิจกรรมร่วมกับเว็บไซต์ได้ แต่ต้องล็อกอินก่อน ::
  ล็อกอิน

รายการสื่อสารสนเทศ

ลำดับที่ ประเภท เลขเรียก/บาร์โค้ด สถานที่ สถานะ
1. Book การพยาบาล
หนังสือสำรอง
สถานะ=หนังสือสำรอง
WY20.5 ป554ส ฉ.1 
  Barcode: 037086
ห้องสมุดวิทยาเขตสวรรค์ประชารักษ์
►ส่วนจัดเก็บหนังสือเก่า สปร
บนชั้น
  ขอยืม
2. Book การพยาบาล
Book การพยาบาล
WY20.5 ป554ส ฉ.2 
  Barcode: 037087
ห้องสมุดวิทยาเขตสวรรค์ประชารักษ์
►ส่วนจัดเก็บหนังสือเก่า สปร
บนชั้น
  ขอยืม
3. Book การพยาบาล
Book การพยาบาล
WY20.5 ป554ส ฉ.3 
  Barcode: 037088
ห้องสมุดวิทยาเขตสวรรค์ประชารักษ์
►ส่วนจัดเก็บหนังสือเก่า สปร
บนชั้น
  ขอยืม
4. Book การพยาบาล
Book การพยาบาล
WY20.5 ป554ส ฉ.4 
  Barcode: 037089
ห้องสมุดวิทยาเขตสวรรค์ประชารักษ์
►หนังสือทั่วไป
บนชั้น
5. Book การพยาบาล
Book การพยาบาล
WY20.5 ป554ส ฉ.5 
  Barcode: 037090
ห้องสมุดวิทยาเขตสวรรค์ประชารักษ์
►ส่วนจัดเก็บหนังสือเก่า สปร
บนชั้น
  ขอยืม
6. Book การพยาบาล
Book การพยาบาล
WY20.5 ป554ส ฉ.6 
  Barcode: 037091
ห้องสมุดวิทยาเขตสวรรค์ประชารักษ์
►ส่วนจัดเก็บหนังสือเก่า สปร
บนชั้น
  ขอยืม
7. Book การพยาบาล
Book การพยาบาล
WY20.5 ป554ส ฉ.7 
  Barcode: 037092
ห้องสมุดวิทยาเขตสวรรค์ประชารักษ์
►ส่วนจัดเก็บหนังสือเก่า สปร
บนชั้น
  ขอยืม
8. Book การพยาบาล
Book การพยาบาล
WY20.5 ป554ส ฉ.8 
  Barcode: 037093
ห้องสมุดวิทยาเขตสวรรค์ประชารักษ์
►ส่วนจัดเก็บหนังสือเก่า สปร
บนชั้น
  ขอยืม

รายการใกล้เคียง
    ผู้แต่ง [ปาริชาติ โรจน์พลากร-กู๊ช]

    หัวเรื่อง [สถิติศาสตร์]
    หัวเรื่อง [เอสพีเอสเอส (โปรแกรมคอมพิวเตอร์)]
    หัวเรื่อง [เอสพีเอสเอสสำหรับวินโดวส์]

BibComment


ยังไม่เคยถูกคอมเมนท์

คอมเมนท์ทรัพยากรรายการนี้
  คอมเมนท์: สถิติสำหรับงานวิ..


 Copyright 2026. Bcnsprnw @Library